Policy Coherence for Sustainable Development 2017 Eradicating Poverty and Promoting Prosperity

Salvato in:
Dettagli Bibliografici
Natura: Libro
Lingua:inglese
Pubblicazione: Paris OECD 2017
Soggetti:
Tags: Aggiungi Tag
Nessun Tag, puoi essere il primo ad aggiungerne!!

MARC

LEADER 00000nam a2200000 4500
001 0242043
005 20240314123415.9
020 |a 978-92-64-27253-8 
041 0 |a eng 
044 |a FR 
245 1 0 |a Policy Coherence for Sustainable Development 2017  |b Eradicating Poverty and Promoting Prosperity 
264 1 |a Paris  |b OECD  |c 2017 
300 |a 190 s. 
610 2 0 |a dohody medzinárodné 
610 2 0 |a záväzky hospodárske 
610 2 0 |a rozvoj hospodársky 
610 2 0 |a redukcia chudoby 
610 2 0 |a bezpečnosť potravinová 
610 2 0 |a prosperita ekonomická 
610 2 0 |a partnerstvo strategické 
610 2 0 |a rozvoj trvalo udržateľný 
610 2 0 |a porovnanie štatistické 
610 2 0 |a porovnanie medzinárodné